000 00434nam a2200157Ia 4500
008 131103s9999 xx 000 0 und d
040 _aLoreto College
041 _aEnglish
082 _a824.8/PAT/824.89/PAT
_bLCLIB/18119
100 _aPater,Walter
245 4 _aThe renaissance
_b studies in art and poetry
_cWalter Pater
260 _aLondon
_bMacmillan
_c1924
300 _axvi,252 p.
_c 18 cm.
850 _aLCLIB
942 _cBK
999 _c5050
_d55529